zpět

Detail výsledku týmu

Sokec, Šlapanice

Datum a čas kvízu

17.5 Celkem bodů Celkový počet nahraných bodů na tomto kvízu bez doplňovacích otázek.
4. Pořadí na kvízu Konečné umístění týmu na tomto kvízu.

Zaznamenané odpovědi

# Otázka Odpověď Body Výsledky
1. Český prezident Miloš Zeman se... Vídeň, šilink (Schilling) 0
2. Fastfoodový řetězec Burger Kin... je bez pravého masa 0
3. Jak se jmenuje černá komedie r... Teroristka 0
4. Minulý týden bylo oznámeno, že... Prima a CNN 1
5. Fotbalisté anglického klubu, h... Tottenham Hotspur FC 1
6. V tomto tématu ověříme vaše zn... pouze jelení zvěř 1
7. Kterým slovem začínajícím na p... kozlice 0
8. Která zvířata je možno spatřit... bílí jeleni 0
9. Kolikaterák je tento jelen? desaterák (nerovný) 0
10. Co v myslivecké mluvě znamená... oči 1